000 00458nam a22001337a 4500
040 _cNUST
082 _a200 THE
100 _aMujtaba Rafique Ghoto
_9107120
110 _aSupervisor Dr. Uzair Khaleeq uz Zaman
_9101657
245 _aTH-SOF-2121-Integrated Product-Process Design: Conceptual Framework for Data Driven Manufacturing Resource Selection
260 _aISLAMABAD:
_bNUST COLLEGE OF EME,
_c2022.
650 _aMS-MTS-20
_9107121
942 _2ddc
_cTHE
999 _c592955
_d592955